Lugares de memoria de la Guerra Civil y el franquismo : (Registro nro. 235820)

Detalles MARC
000 -LEADER
fixed length control field 03346nam a2200481Ii 4500
001 - CONTROL NUMBER
control field DIGIBE0209
003 - CONTROL NUMBER IDENTIFIER
control field NyNyDIG
006 - FIXED-LENGTH DATA ELEMENTS--ADDITIONAL MATERIAL CHARACTERISTICS
fixed length control field m o d
007 - PHYSICAL DESCRIPTION FIXED FIELD--GENERAL INFORMATION
fixed length control field cr |||||||||||
008 - FIXED-LENGTH DATA ELEMENTS--GENERAL INFORMATION
fixed length control field 130201s2006 sp ah ob 000 0 spa d
020 ## - INTERNATIONAL STANDARD BOOK NUMBER
Canceled/invalid ISBN 8484892433
Qualifying information (Iberoamericana)
020 ## - INTERNATIONAL STANDARD BOOK NUMBER
Canceled/invalid ISBN 9788484892434
Qualifying information (Iberoamericana)
020 ## - INTERNATIONAL STANDARD BOOK NUMBER
Canceled/invalid ISBN 9783865272522
Qualifying information (Vervuert)
020 ## - INTERNATIONAL STANDARD BOOK NUMBER
Canceled/invalid ISBN 3865272525
Qualifying information (Vervuert)
035 ## - SYSTEM CONTROL NUMBER
System control number (OCoLC)607244065
040 ## - CATALOGING SOURCE
Original cataloging agency DGITA
Language of cataloging eng
Description conventions pn
Transcribing agency DGITA
043 ## - GEOGRAPHIC AREA CODE
Geographic area code e-sp---
050 14 - LIBRARY OF CONGRESS CALL NUMBER
Classification number PQ6140.C57 eBook
245 00 - TITLE STATEMENT
Title Lugares de memoria de la Guerra Civil y el franquismo :
Remainder of title representaciones literarias y visuales /
Statement of responsibility, etc. Ulrich Winter, ed.
264 #1 - PRODUCTION, PUBLICATION, DISTRIBUTION, MANUFACTURE, AND COPYRIGHT NOTICE
Place of production, publication, distribution, manufacture Madrid :
Name of producer, publisher, distributor, manufacturer Iberoamericana ;
Place of production, publication, distribution, manufacture Frankfurt am Main :
Name of producer, publisher, distributor, manufacturer Vervuert,
Date of production, publication, distribution, manufacture, or copyright notice 2006.
300 ## - PHYSICAL DESCRIPTION
Extent 1 online resource (243 pages) :
Other physical details ill., facsims.
336 ## - CONTENT TYPE
Content type term text
Content type code txt
Source rdacontent
337 ## - MEDIA TYPE
Media type term computer
Media type code c
Source rdamedia
338 ## - CARRIER TYPE
Carrier type term online resource
Carrier type code cr
Source rdacarrier
490 1# - SERIES STATEMENT
Series statement La casa de la riqueza. Estudios de cultura de España ;
Volume/sequential designation 9.
504 ## - BIBLIOGRAPHY, ETC. NOTE
Bibliography, etc. note Includes bibliographical references.
505 0# - FORMATTED CONTENTS NOTE
Formatted contents note Oralidad y memoria en la novel memorialística / Mechthild Albert -- La construcción de una historia de España : uso e invención de "lieux de mémoire" en la obra narrativa y ensayística de Antonio Muñoz Molina / Gero Arnscheidt -- (Re- )contrucción de la historia y de la identidad cultural en el teatro posfranquista de José María Rodríguez Méndez / Cerstin Bauer-Funke -- Discursos de conmemoración y discursos cinematográficos en Beatus ille / Matei Chihaia -- "El corto invierno de la anarquía" : La hija de caníbal de Rosa Montero / Claudia Gatzemeier -- "Pasarán años y olvidaremos todo" : la Guerra Civil española como lugar de memoria en la novela y el cine actuales en España / Claudia Jünke -- Dos lugares de la memoria alternativos para la resistencia antifranquista : Luna de lobos y El embrujo de Shanghai / Ana Luengo -- La memoria del pasado como problema epistemológico : adiós al mito de las "dos Españas" / Hans-Jörg Neuschäfer -- La narración oral, la escritura y los "lieux de mémoire" en El lápiz del carpintero de Manuel Rivas / William J. Nichols -- La memoria del franquismo en el cómic español / Hartmut Nonnenmacher -- La muerte de Francisco Franco : un lugar de la memoria española en la novela de los noventa / Andrea Pagni -- La conmemoración del centenario de Federico García Lorca como contribución a la memoria cultural de España : dos documentales de TVE y Canal+ / Stefan Schreckenberg.
651 #0 - SUBJECT ADDED ENTRY--GEOGRAPHIC NAME
Geographic name Spain
General subdivision History
Chronological subdivision Civil War, 1936-1939
General subdivision Literature and the war.
650 #0 - SUBJECT ADDED ENTRY--TOPICAL TERM
Topical term or geographic name entry element Spanish fiction
Chronological subdivision 20th century
General subdivision History and criticism.
651 #0 - SUBJECT ADDED ENTRY--GEOGRAPHIC NAME
Geographic name Spain
General subdivision History
Chronological subdivision Civil War, 1936-1939
General subdivision Motion pictures and the war.
651 #0 - SUBJECT ADDED ENTRY--GEOGRAPHIC NAME
Geographic name Spain
General subdivision History
Chronological subdivision Civil War, 1936-1939
General subdivision Influence.
650 #0 - SUBJECT ADDED ENTRY--TOPICAL TERM
Topical term or geographic name entry element Francoism in literature.
650 #0 - SUBJECT ADDED ENTRY--TOPICAL TERM
Topical term or geographic name entry element Memory in literature.
650 #0 - SUBJECT ADDED ENTRY--TOPICAL TERM
Topical term or geographic name entry element Memory in motion pictures.
655 #0 - INDEX TERM--GENRE/FORM
Genre/form data or focus term Electronic books.
700 1# - ADDED ENTRY--PERSONAL NAME
Personal name Winter, Ulrich.
791 2# -
-- Digitalia (Firm),
-- distributor.
793 0# -
-- Digitalia eBook Collection:
-- Iberoamericana/Vervuert.
830 #0 - SERIES ADDED ENTRY--UNIFORM TITLE
Uniform title Casa de la riqueza.
Name of part/section of a work Estudios de cultura de España ;
Volume/sequential designation 9.
856 40 - ELECTRONIC LOCATION AND ACCESS
Materials specified Digitalia Hispánica
Uniform Resource Identifier <a href="https://www.digitaliapublishing.com/a/18366/">https://www.digitaliapublishing.com/a/18366/</a>
910 ## - USER-OPTION DATA (OCLC)
User-option data Premium Collection: 2007-2012
942 ## - ADDED ENTRY ELEMENTS (KOHA)
Koha item type Recurso Electrónico
Existencias
Withdrawn status Lost status Damaged status Not for loan Collection Home library Current library Date acquired Total checkouts Date last seen Price effective from Koha item type
        Digitalia Ebooks Hispanica Biblioteca Digital UIN Biblioteca Digital UIN 04/25/2025   04/25/2025 04/25/2025 Recurso Electrónico

CONTACTO


NOSOTROS


SITIOS DE INTERES

coordinacion.biblioteca.biblioteca@unienlinea.mx Misión, Visión y Objetivos Bases de datos
Directorio Bibliotecas Digitales y Repositorios
Normatividad Revistas y artículos
Convenios interbibliotecarios
Boletines



Hecho en México. Universidad Insurgentes (UIN). Todos los derechos reservados 2024. Esta página y sus contenidos pueden ser reproducidos con fines no lucrativos, siempre y cuando no se mutile, se cite la fuente completa y su dirección electrónicas. De otra forma requiere permiso previo por escrito de la institución




2024 Copyright Universidad Insurgentes | www.bibliouin.com.mx